• 首页
  • 本馆介绍
  • 公告通知
  • 最新文献
  • 馆藏检索
  • 电子资源
  • 读者导购
  • 参考咨询
  • 我的图书馆
  • 登录
  • 详细信息显示
  • 放入我的书架
  • 预约/预借图书
  • 作者相关作品
  • 分类相关作品
  • 丛书相关作品
  • 出版社相关作品

书目信息

  • 表格格式
  • 工作单格式
  • 卡片格式
题名:
俄罗斯
    
 
作者: ;中央电视台 编著
分册:  
出版信息: 北京   中国民主法制出版社  2006.12
页数: 248页
开本: 24cm
丛书名: 《大国崛起》系列丛书
单 册:
中图分类: K512.0
科图分类:
主题词:
电子资源:
ISBN: 7-80219-112-2
000 00937oam2 2200265 450
001 003381974
005 20070426165736.0
010    @a7-80219-112-2@dCNY46.00
100    @a20100913d2006 em y0chiy0110 ea
101 0  @achi
102    @aCN@b110000
105    @aab z 000yy
200 1  @a俄罗斯@Ae luo si@dRussia@f中央电视台《大国崛起》节目组编著@zeng
210    @a北京@c中国民主法制出版社@d2006.12
215    @a248页@c地图,照片,图@d24cm
225 2  @a《大国崛起》系列丛书
330    @a全书以俄罗斯为解读对象,展现了该国在不同时期内完成的强国历程。主要分学徒、布新、窗口、开明专制、爱情、改革、泥足、新途、奠基、计划、战火、大国十二个部分。
461  0 @1001003411921@12001 @a《大国崛起》系列丛书
510 1  @aRussia@zeng
607    @a俄罗斯@x历史@j通俗读物
607    @a俄罗斯
690    @aK512.0@v5
711 02 @a中央电视台@Azhong yang dian shi tai@b大国崛起节目组@4编著
905    @aBZT@dK512.0@e3
906    @dCNY46.00@n0@r1
    
    俄罗斯=Russia/中央电视台《大国崛起》节目组编著.-北京:中国民主法制出版社,2006.12
    248页:地图,照片,图;24cm.-(《大国崛起》系列丛书)
    
    
    ISBN 7-80219-112-2:CNY46.00
    全书以俄罗斯为解读对象,展现了该国在不同时期内完成的强国历程。主要分学徒、布新、窗口、开明专制、爱情、改革、泥足、新途、奠基、计划、战火、大国十二个部分。
●
相关链接 在五车中查询图书 在当当中查询图书 在豆瓣中查询图书


正题名:俄罗斯     索取号:K512.0/3         预约/预借

序号 登录号 条形码 馆藏地/架位号 状态 备注
1 763118   2000763118   中心书库南/020架B面5层4列/ [索取号:K512.0/3] 在馆    
2 763119   2000763119   中心书库南/020架B面5层4列/ [索取号:K512.0/3] 在馆    
3 763120   2000763120   中心书库南/020架B面5层4列/ [索取号:K512.0/3] 在馆    
4 763121   2000763121   中心书库南/020架B面5层4列/ [索取号:K512.0/3] 在馆    
5 763122   2000763122   中心书库南/020架B面5层4列/ [索取号:K512.0/3] 在馆    
6 763123   2000763123   中心书库南/020架B面5层4列/ [索取号:K512.0/3] 在馆    
7 763124   2000763124   中心书库南/020架B面5层4列/ [索取号:K512.0/3] 在馆    
8 763125   2000763125   中心书库南/020架B面5层4列/ [索取号:K512.0/3] 在馆    
9 763126   2000763126   中心书库南/020架B面5层4列/ [索取号:K512.0/3] 在馆    
10 763127   2000763127   中心书库南/020架B面5层4列/ [索取号:K512.0/3] 在馆    
山东省滨州职业学院图书馆 欢迎您!
大连网信软件有限公司© 版权所有